| 000 | 00413nam a2200169Ia 4500 | ||
|---|---|---|---|
| 999 |
_c13645 _d13645 |
||
| 008 | 141014s9999||||xx |||||||||||||| ||und|| | ||
| 010 | _a13495 | ||
| 020 | _aSISBN | ||
| 040 | _aANE | ||
| 041 | _aEs | ||
| 082 | _a951.9 M972i | ||
| 100 | _aMurillo ,Eduardo | ||
| 245 | _aInfierno en Norcorea | ||
| 250 | _aS/E | ||
| 260 |
_aImpreso en Alfabeta / Santiago de Chile _c1980 |
||
| 300 |
_a55 P _c19 cm |
||
| 650 | _aHistoria | ||
| 942 |
_cBK _2ddc _zmbc |
||